AutoCAD Release 12 for Beginners (Record no. 322907)

000 -LEADER
fixed length control field 00279 a2200109 4500
001 - CONTROL NUMBER
control field 87834
003 - CONTROL NUMBER IDENTIFIER
control field NUST
005 - DATE AND TIME OF LATEST TRANSACTION
control field 20180124140659.0
008 - FIXED-LENGTH DATA ELEMENTS--GENERAL INFORMATION
fixed length control field 180124b xxu||||| |||| 00| 0 eng d
082 ## - DEWEY DECIMAL CLASSIFICATION NUMBER
Classification number 620.0042 WRI
245 ## - TITLE STATEMENT
Title AutoCAD Release 12 for Beginners
Statement of responsibility, etc. Vic Wright,Kurt Hampe,Ashim Guha
Medium English
260 ## - PUBLICATION, DISTRIBUTION, ETC.
Name of publisher, distributor, etc. NRP
300 ## - PHYSICAL DESCRIPTION
Extent 645p
942 ## - ADDED ENTRY ELEMENTS (KOHA)
Institution code [OBSOLETE] CAE NUST
Koha item type Book
Call number prefix 620.004 WRI
Source of classification or shelving scheme
Holdings
Withdrawn status Lost status Damaged status Not for loan Collection code Permanent Location Current Location Date acquired Total Checkouts Full call number Barcode Date last seen Price effective from Koha item type
          College of Aeronautical Engineering (CAE) College of Aeronautical Engineering (CAE) 04/03/2017   620.004 WRI CAEG-3689 04/05/2017 04/05/2017 Book
© 2023 Central Library, National University of Sciences and Technology. All Rights Reserved.